| 000 | 00594nam a22001817a 4500 | ||
|---|---|---|---|
| 003 | OSt | ||
| 005 | 20260331141500.0 | ||
| 008 | 260331b |||||||| |||| 00| 0 eng d | ||
| 020 | _a9789937623124 | ||
| 040 | _cN | ||
| 082 | _a720.48 S24 2013 | ||
| 100 | _aSalingarose, Nikos A. | ||
| 245 |
_aA Theory of Architecture / _cNikos A. Salingaros. |
||
| 260 | _bKathmandu – Vajra Books – 2013 | ||
| 300 | _a300 pages ; paperback ; 24 cm | ||
| 650 | _aArchitectural theory – Design principles – Human‑centred architecture – Urban and architectural philosophy | ||
| 942 |
_2ddc _cBK-EN _n0 |
||
| 999 |
_c8684 _d8684 |
||